000 00303nam a2200097Ia 4500
082 _a320.9680207 BEST
245 0 _aThe best of Hayibo.com : breaking news into lots of little pieces
100 _a Hayibo.com Aukland Park, 2009
_994685
942 _cBK
008 210817s9999 xx 000 0 und d
999 _c388111
_d388110